Estructura jurídica y organizativa de las Cajas de Ahorros europeas
Descripción Física:
202 p. ; 23'5 cm
Materias:
Caixes d'estalvis -- Europa
MARC
| LEADER | 00000nam a2200000Ia 4500 | ||
|---|---|---|---|
| 001 | 2129 | ||
| 008 | 160829s1978 xx 000 0 cat d | ||
| 080 | |a M-2-65 | ||
| 245 | |a Estructura jurídica y organizativa de las Cajas de Ahorros europeas | ||
| 260 | |a Barcelona : |b Caja de Ahorros de Cataluña, |c 1978 | ||
| 300 | |a 202 p. ; |c 23'5 cm | ||
| 650 | |a Caixes d'estalvis |x Europa |9 21902 | ||
| 901 | |a Arxiu | ||
| 942 | |n 1 | ||
| 952 | |0 0 |1 0 |4 0 |6 M265 |7 1 |9 41920 |a Arxiu |b Arxiu |d 2016-12-01 |l 0 |o M-2-65 |p 2129 |r 2016-12-01 00:00:00 |w 2016-12-01 |y ARXIU | ||
| 999 | |c 44367 |d 44367 | ||